Planning and development in the Paris region (Record no. 416373)

000 -LEADER
fixed length control field 00365cam a22001337a 4500
008 - FIXED-LENGTH DATA ELEMENTS--GENERAL INFORMATION
fixed length control field 180718b- - xxu||||| |||| 00| 0 eng d
082 ## - DEWEY DECIMAL CLASSIFICATION NUMBER
Classification number J7x44 F844
245 ## - TITLE STATEMENT
Title Planning and development in the Paris region
Statement of responsibility, etc. by Ambassade
260 ## - PUBLICATION, DISTRIBUTION, ETC.
Place of publication, distribution, etc. Paris
Name of publisher, distributor, etc. Ambassade
Date of publication, distribution, etc. - -
300 ## - PHYSICAL DESCRIPTION
Extent 37p
650 ## - SUBJECT ADDED ENTRY--TOPICAL TERM
Topical term or geographic name entry element France.
650 ## - SUBJECT ADDED ENTRY--TOPICAL TERM
Topical term or geographic name entry element City Planning - France
700 ## - ADDED ENTRY--PERSONAL NAME
Personal name France. Ambassade
Holdings
Withdrawn status Lost status Damaged status Not for loan Permanent Location Current Location Date acquired Full call number Barcode Date last seen Price effective from Koha item type
        Indian Institute of Public Administration Indian Institute of Public Administration 2009-03-16 J7x44 F844 D430 2018-07-21 2018-07-21 D

Powered by Koha